| 000 | 00820nam a2200241 a 4500 | ||
|---|---|---|---|
| 001 | 938 | ||
| 003 | BR-CuiBMT | ||
| 005 | 20231123195536.0 | ||
| 008 | 231122s2006 scba 000 0 por d | ||
| 020 | _a8575021923 | ||
| 040 |
_aBR-CuiBMT _cBR-CuiBMT |
||
| 080 |
_22007 _a658:001.101 |
||
| 090 |
_a658:001.101 _bG393 |
||
| 245 | 0 | 0 |
_aGestão do conhecimento e aprendizagem : _bas estratégias competitivas da sociedade pós-industrial / _cFrancisco Antônio Pereira Fialho ... [et al.]. |
| 260 |
_aFlorianópolis : _bVisual Books, _c2006. |
||
| 300 |
_a196 p. : _bil. ; _c23 cm |
||
| 504 | _aInclui bibliografia. | ||
| 650 | _aGestão do conhecimento | ||
| 650 | _aAprendizagem organizacional | ||
| 650 | _aPlanejamento empresarial | ||
| 700 | 1 |
_aFialho, Francisco Antonio Pereira, _d1951- _4et al. |
|
| 942 |
_2udc _cLV |
||
| 999 |
_c938 _d938 |
||